Management of Pension Records and Service Delivery at National Social Security Authority Bulawayo / (Record no. 172771)

MARC details
000 -LEADER
fixed length control field 01606nam a2200337 4500
003 - CONTROL NUMBER IDENTIFIER
control field NUST
005 - DATE AND TIME OF LATEST TRANSACTION
control field 20260417121127.0
008 - FIXED-LENGTH DATA ELEMENTS--GENERAL INFORMATION
fixed length control field 260417b |||||||| |||| 00| 0 eng d
040 ## - CATALOGING SOURCE
Original cataloging agency NUST
Language of cataloging eng
Transcribing agency NUST
Modifying agency NUST
Description conventions rda
050 ## - LIBRARY OF CONGRESS CALL NUMBER
Classification number HD7105.Z55CHA
100 ## - MAIN ENTRY--PERSONAL NAME
Personal name Charewa, Moreblessing.
Relator term Author.
245 ## - TITLE STATEMENT
Title Management of Pension Records and Service Delivery at National Social Security Authority Bulawayo /
Statement of responsibility by Moreblessing Charewa.
260 ## - PUBLICATION, DISTRIBUTION, ETC.
Place of publication, distribution, etc. Bulawayo, Zimbabwe :
Name of publisher, distributor, etc. National University of Science and Technology ,
Date of publication, distribution, etc. ©2020.
300 ## - PHYSICAL DESCRIPTION
Extent xiv, 102 pages :
Dimensions 31 cm.
Other physical details Illustrations ;
336 ## - CONTENT TYPE
Source rdacontent
Content type term text
Content type code txt
337 ## - MEDIA TYPE
Source rdamedia
Media type term unmediated
Media type code n
338 ## - CARRIER TYPE
Source rdacarrier
Carrier type term volume
Carrier type code nc
500 ## -
Typescript A research project submitted to the National University of Science and Technology in partial fulfilment of the requirements for a Master of Science degree in Records and Archives Management.
501 ## - STUDY LEVEL
-- (MSc in Records and Archives Management) National University of Science and Technology, 2020.
504 ## - BIBLIOGRAPHY, ETC. NOTE
Bibliography, etc. note Includes bibliographical references.
650 ## - SUBJECT ADDED ENTRY--TOPICAL TERM
Topical term or geographic name entry element Pensions
General subdivision Administration
Geographic subdivision Zimbabwe.
650 ## - SUBJECT ADDED ENTRY--TOPICAL TERM
Topical term or geographic name entry element Social security
Geographic subdivision Zimbabwe.
650 ## - SUBJECT ADDED ENTRY--TOPICAL TERM
Topical term or geographic name entry element Records management
Geographic subdivision Zimbabwe.
650 ## - SUBJECT ADDED ENTRY--TOPICAL TERM
Topical term or geographic name entry element Public administration
Geographic subdivision Zimbabwe.
650 ## - SUBJECT ADDED ENTRY--TOPICAL TERM
Topical term or geographic name entry element Service delivery
General subdivision Public administration
Geographic subdivision Zimbabwe.
650 ## - SUBJECT ADDED ENTRY--TOPICAL TERM
Topical term or geographic name entry element National Social Security Authority
General subdivision Case studies
Geographic subdivision Zimbabwe.
650 ## - SUBJECT ADDED ENTRY--TOPICAL TERM
Topical term or geographic name entry element Employee benefits
Geographic subdivision Zimbabwe.
650 ## - SUBJECT ADDED ENTRY--TOPICAL TERM
Topical term or geographic name entry element Information storage and retrieval systems
Geographic subdivision Zimbabwe.
700 ## - ADDED ENTRY--PERSONAL NAME
Personal name Dr S Chabikwa.
Relator term Supervisor.
942 ## - ADDED ENTRY ELEMENTS (KOHA)
Source of classification or shelving scheme Library of Congress Classification
Suppress in OPAC No
Koha item type 3-Hour Loan Material
Classification part HD7105.Z55CHA
Call number prefix HD
Call number suffix CHA
999 ## -
-- 172771
-- 172771
Holdings
Withdrawn status Lost status Source of classification or shelving scheme Damaged status Not for loan Collection Home library Current library Shelving location Date acquired Total Checkouts Full call number Barcode Date last seen Accession number Price effective from Koha item type
    LCC     NFIC MAIN MAIN GEN 04/17/2026   HD7105.Z55CHA 92004052158 04/17/2026 SC22/1253 04/17/2026 3HOUR